书目信息 |
| 题名: |
教育人类学理论、方法与应用研究
|
|
| 作者: | 滕星 , 苏德 主编 | |
| 分册: | ||
| 出版信息: | 北京 中央民族大学出版社 2015 |
|
| 页数: | 568页 | |
| 开本: | 26cm | |
| 丛书名: | ||
| 单 册: | ||
| 中图分类: | G40-056 | |
| 科图分类: | ||
| 主题词: | 教育人类学--文集 | |
| 电子资源: | ||
| ISBN: | 978-7-5660-0936-4 | |
| 000 | 01114nam0 2200253 450 | |
| 001 | 012015000113 | |
| 005 | 20151210154316.21 | |
| 010 | @a978-7-5660-0936-4@dCNY98.00 | |
| 100 | @a20151101d2015 em y0chiy50 ea | |
| 101 | 0 | @achi |
| 102 | @aCN@b110000 | |
| 105 | @aa z 000yy | |
| 106 | @ar | |
| 200 | 1 | @a教育人类学理论、方法与应用研究@Ajiao yu ren lei xue li lun 、 fang fa yu ying yong yan jiu@e中国教育人类专业委员会首届年会论文集@f滕星,苏德主编 |
| 210 | @a北京@c中央民族大学出版社@d2015 | |
| 215 | @a568页@c彩照@d26cm | |
| 330 | @a本书围绕“教育与文化”这一主题,分大会重要报告、人类学视野中的教育研究、教育人类学理论与学术前沿、教育人类学研究方法与田野工作、教育人类学本土研究五部分,多角度地展示了近年来我国教育人类学理论、方法和应用研究方面的最新成果。 | |
| 517 | 1 | @a中国教育人类专业委员会首届年会论文集@Azhong guo jiao yu ren lei zhuan ye wei yuan hui shou jie nian hui lun wen ji |
| 606 | 0 | @a教育人类学@j文集 |
| 690 | @aG40-056@v5 | |
| 701 | 0 | @a滕星@Ateng xing@f(1953~)@4主编 |
| 701 | 0 | @c(蒙族)@a苏德@Asu de@4主编 |
| 801 | 0 | @aCN@b碧洲教育@c20151129 |
| 905 | @a10447@f3@dG40-056@e681 | |
| 教育人类学理论、方法与应用研究:中国教育人类专业委员会首届年会论文集/滕星,苏德主编.-北京:中央民族大学出版社,2015 |
| 568页:彩照;26cm |
| ISBN 978-7-5660-0936-4:CNY98.00 |
| 本书围绕“教育与文化”这一主题,分大会重要报告、人类学视野中的教育研究、教育人类学理论与学术前沿、教育人类学研究方法与田野工作、教育人类学本土研究五部分,多角度地展示了近年来我国教育人类学理论、方法和应用研究方面的最新成果。 |
| ● |
| 相关链接 |
|
|
|
|
正题名:教育人类学理论、方法与应用研究
索取号:G40-056/681
 
预约/预借
| 序号 | 登录号 | 条形码 | 馆藏地/架位号 | 状态 | 备注 |
| 1 | 0872107 | 208721070 | 第一样本阅览室/ [索取号:G40-056/681] | 在馆 | |
| 2 | 0872108 | 208721089 | 教育系资料室/ [索取号:G40-056/681] | 在馆 | |
| 3 | 0872109 | 208721098 | 教育系资料室/ [索取号:G40-056/681] | 在馆 |